| Tag |
First Indicator |
Second Indicator |
Subfields |
| LEADER |
00000cam a2200000Ma 4500 |
| 001 |
in00004601721 |
| 006 |
m o d |
| 007 |
cr cn||||||||| |
| 008 |
010205s1996 maua ob 001 0 eng d |
| 005 |
20221121162528.2 |
| 035 |
|
|
|a (MaCbMITP)2137
|
| 040 |
|
|
|a OCoLC-P
|b eng
|e pn
|c OCoLC-P
|
| 020 |
|
|
|a 9780262280419
|q (electronic bk.)
|
| 020 |
|
|
|a 0262280418
|q (electronic bk.)
|
| 020 |
|
|
|a 0585342040
|q (electronic bk.)
|
| 020 |
|
|
|a 9780585342047
|q (electronic bk.)
|
| 020 |
|
|
|z 0262140586 (alk. paper)
|
| 035 |
|
|
|a (OCoLC)47011980
|z (OCoLC)1028573494
|
| 035 |
|
|
|a (OCoLC-P)47011980
|
| 050 |
|
4 |
|a QA76.9.H85
|b C68 1996eb
|
| 072 |
|
7 |
|a COM
|x 034000
|2 bisacsh
|
| 072 |
|
7 |
|a COM
|x 079010
|2 bisacsh
|
| 082 |
0 |
4 |
|a 004/.01/9
|2 20
|
| 245 |
0 |
0 |
|a Context and consciousness :
|b activity theory and human-computer interaction /
|c edited by Bonnie A. Nardi.
|
| 260 |
|
|
|a Cambridge, Mass. :
|b MIT Press,
|c ©1996.
|
| 300 |
|
|
|a 1 online resource (xiii, 400 pages) :
|b illustrations
|
| 336 |
|
|
|a text
|b txt
|2 rdacontent
|
| 337 |
|
|
|a computer
|b c
|2 rdamedia
|
| 338 |
|
|
|a online resource
|b cr
|2 rdacarrier
|
| 588 |
|
|
|a OCLC-licensed vendor bibliographic record.
|
| 650 |
|
0 |
|a Human-computer interaction.
|
| 650 |
|
0 |
|a Computers
|x Psychological aspects.
|
| 655 |
|
7 |
|a Electronic books.
|2 local
|
| 700 |
1 |
|
|a Nardi, Bonnie A.
|
| 856 |
4 |
0 |
|u http://proxy.library.tamu.edu/login?url=https://doi.org/10.7551/mitpress/2137.001.0001?locatt=mode:legacy
|z Connect to the full text of this electronic book
|t 0
|
| 955 |
|
|
|a MIT D2O ebooks
|
| 999 |
f |
f |
|s 157fca27-ab61-446d-ab54-371f17824900
|i bc95b998-0899-4e3f-9bbe-c64d3c6d4b0e
|t 0
|
| 952 |
f |
f |
|a Texas A&M University
|b College Station
|c Electronic Resources
|d Available Online
|t 0
|e QA76.9.H85 C68 1996eb
|h Library of Congress classification
|
| 998 |
f |
f |
|a QA76.9.H85 C68 1996eb
|t 0
|l Available Online
|